000 00279nam a2200097Ia 4500
008 120527s9999 xx 000 0 und d
100 _aFAJIMI, J.
245 _aNational Population census what Nigerians need to know:Roadmap to a
260 _bSpecial born creativity
942 _cBK
999 _c25805
_d25805